Maďarsko-slovenský frazeologický slovník

Saved in:
Bibliographic Details
Main Author: Habovštiaková, Katarína
Other Authors: Hasák, Vilmos, Török, Matild
Format: Book
Language:Slovak
Hungarian
Published: Bratislava Slovenské pedagogické nakladateľstvo 1984
Tags: Add Tag
No Tags, Be the first to tag this record!

MARC

LEADER 00000nam a2200000 4500
001 c111094
005 20190207163155.1
041 0 |a slo 
041 0 |a hun 
044 |a SK 
245 1 0 |a Maďarsko-slovenský frazeologický slovník  |c Katarína Habovštiaková, Vilmos Hasák, Matild Török 
264 1 |a Bratislava  |b Slovenské pedagogické nakladateľstvo  |c 1984 
300 |a 170 s. 
100 1 |a Habovštiaková, Katarína 
700 1 |a Hasák, Vilmos 
700 1 |a Török, Matild